01358nam a2200241Ia 4500001001100000003001000011008004100021040002500062041001300087100002900100245005200129250001100181260004100192300001100233500026400244501011400508520026400622650001300886942000700899957000600906999004200912952016200954L330-48060IT-CnALBA170116s9999||||xx |||||||||||||| ||und|| aIT-CnALBAcIT-CnALBA aITALIANO aRUINI CAMILLO, CARDINALE 0aSIR. SERVIZIO INFORMAZIONE RELIGIOSA. 10 ANNI.  a1a ed. bSPED.IM LITOGR., MONTECOM. RO'cn.d. a58 p.  aBUSTAFFA P. FALLANI G. BOFFO D. GIULIODORI C. BONINI F. CORGNALI D. NISSIM M.G. PAROLA E CONSUMO. PROMESSA MANTENUTA. ONQUIETUDINE UMILTÀ E QUALITÀ. DIFESA LINGUA ITALIANA. SINERGICI. MEDIA. CULTURA E COMUNICAZIONE. INFORMAZIONE RELIGIOSA. VOLONTARI DELLA aSocietà San Paolo EM - Piazza San Paolo, 14 - 12051 ALBA (CN) (non commercial uses only) ® Copyright 2017 aBUSTAFFA P. FALLANI G. BOFFO D. GIULIODORI C. BONINI F. CORGNALI D. NISSIM M.G. PAROLA E CONSUMO. PROMESSA MANTENUTA. ONQUIETUDINE UMILTÀ E QUALITÀ. DIFESA LINGUA ITALIANA. SINERGICI. MEDIA. CULTURA E COMUNICAZIONE. INFORMAZIONE RELIGIOSA. VOLONTARI DELLA aECONOMIA cBK 71 a54575bNOg Copie: 1 c306981d306981 0010406L_3304806071aALBAbALBAd2017-01-16l0oL330-48060r2017-01-16 00:00:00w2017-01-16yBKz(data import: 16 gennaio 2017) - By Epidotti, Vaglietti.